| 000 | 03283cjm a2200685 a 4500 | ||
|---|---|---|---|
| 001 | data | ||
| 005 | 20260322212123.0 | ||
| 007 | data | ||
| 008 | data | ||
| 035 | _a13619676 | ||
| 906 |
_a0 _bibc _ccopycat _d2 _encip _f20 _gy-soundrec |
||
| 925 | 0 |
_aacquire _b2 shelf copies _xpolicy default |
|
| 955 | _evl28 2004-06-09 copy 2 to MBRS/RS | ||
| 010 | _a 2004586009 | ||
| 024 | 1 | _a636943912621 | |
| 028 | 0 | 1 |
_a8.559126 _bNaxos |
| 033 | 2 | 0 |
_a20010918 _a20010918 _b3964 _cN2 |
| 035 | _a(OCoLC)51028116 | ||
| 040 |
_aCIN _beng _cCIN _dDLC _dOCLCQ _dMDY _dOCLCQ _dBTCTA _dOCLCG _dRCS _dMTG _dOCLCQ _dVP@ _dOCLCA _dOCLCF _dYW6 _dDLC |
||
| 041 | 0 |
_deng _gger _gfre _gger |
|
| 042 | _alccopycat | ||
| 045 | 0 | _bd1957 | |
| 050 | 0 | 0 | _aSDA 99714 |
| 082 | 0 | 4 |
_a782.14 _222 |
| 100 | 1 |
_aBernstein, Leonard, _d1918-1990. |
|
| 245 | 1 | 0 |
_aWest Side story _h[sound recording] : _bthe original score / _cLeonard Bernstein. |
| 260 |
_a[Hong Kong] : _bNaxos, _cp2002. |
||
| 300 |
_a1 sound disc (75 min., 16 sec.) : _bdigital ; _c4 3/4 in. |
||
| 306 | _a011516 | ||
| 336 |
_aperformed music _bprm _2rdacontent |
||
| 337 |
_aaudio _bs _2rdamedia |
||
| 338 |
_aaudio disc _bsd _2rdacarrier |
||
| 490 | 1 | _aAmerican classics | |
| 500 | _aMusical. | ||
| 500 | _a"This recording of his theatrical masterpiece presents Bernstein's score as he originally conceived it, prior to its film and Broadway renditions"--Container. | ||
| 500 | _aBased on a conception of Jerome Robbins; book by Arthur Laurents; lyrics by Stephen Sondheim; orchestration by Leonard Bernstein, Sid Ramin and Irwin Kostal. | ||
| 500 | _aCompact disc. | ||
| 500 | _aProgram notes in English with German and French translations, biographical notes on the performers and synopsis in English (12 p. : ports.) inserted in container. | ||
| 505 | 0 | 0 |
_gFinale. _tTaunting scene -- _tSomething's coming -- _tBlues -- _tPromenade -- _tMambo -- _tMaria -- _tBalcony scene/ _tTonight -- _tAmerica -- _tCool -- _tOne hand, one heart -- _tQuintet/ _tTonight -- _tRumble -- _tI feel pretty -- _tBallet sequence -- _tTransition to scherzo -- _tScherzo -- _tSomewhere -- _tProcession and nightmare -- _tGee Officer Krupke -- _tBoy like that/ _tI have a love -- _tTaunting scene -- _gFinale. |
| 511 | 0 | _aBetsi Morrison (Maria) ; Mike Eldred (Tony) ; Marianne Cooke (Anita) ; Michael San Giovanni (Bernardo) ; Robert Dean (Riff) ; Nashville Symphony Orchestra ; Kenneth Schermerhorn, conductor. | |
| 518 | _aRecorded Sept. 17-18, 2001, Ocean Way Studios, Nashville, Tenn. | ||
| 546 | _aSung in English. | ||
| 650 | 0 | _aMusicals. | |
| 650 | 7 |
_aMusicals. _2fast _0(OCoLC)fst01030814 |
|
| 655 | 7 |
_aMusicals. _2lcgft |
|
| 700 | 1 | _aRobbins, Jerome. | |
| 700 | 1 |
_aLaurents, Arthur. _4lbt |
|
| 700 | 1 |
_aSondheim, Stephen. _4lbt |
|
| 700 | 1 | _aKostal, Irwin. | |
| 700 | 1 | _aRamin, Sid. | |
| 700 | 1 |
_aMorrison, Betsi. _4prf |
|
| 700 | 1 |
_aCooke, Marianne. _4prf |
|
| 700 | 1 |
_aEldred, Mike. _4prf |
|
| 700 | 1 |
_aSan Giovanni, Michael. _4prf |
|
| 700 | 1 |
_aDean, Robert, _d1968- _4prf |
|
| 700 | 1 |
_aSchermerhorn, Kenneth. _4cnd |
|
| 710 | 2 |
_aNashville Symphony Orchestra. _4prf |
|
| 830 | 0 | _aAmerican classics (Naxos (Sound recording label)) | |
| 999 |
_c1887 _d1887 |
||